<?xml version="1.0" encoding="UTF-8"?>
<record
    xmlns:xsi="http://www.w3.org/2001/XMLSchema-instance"
    xsi:schemaLocation="http://www.loc.gov/MARC21/slim http://www.loc.gov/standards/marcxml/schema/MARC21slim.xsd"
    xmlns="http://www.loc.gov/MARC21/slim">

  <leader>01434nam a22002897a 4500</leader>
  <controlfield tag="005">20110121142437.0</controlfield>
  <controlfield tag="008">110121t        xxu||||| |||| 00| 0 eng d</controlfield>
  <datafield tag="010" ind1=" " ind2=" ">
    <subfield code="a">ENG-101931-933</subfield>
  </datafield>
  <datafield tag="020" ind1=" " ind2=" ">
    <subfield code="a">9780195650983</subfield>
    <subfield code="c">9550.00</subfield>
  </datafield>
  <datafield tag="020" ind1=" " ind2=" ">
    <subfield code="a">0195650980</subfield>
    <subfield code="c">9550.00</subfield>
  </datafield>
  <datafield tag="035" ind1=" " ind2=" ">
    <subfield code="a">EN-85464-66</subfield>
  </datafield>
  <datafield tag="037" ind1=" " ind2=" ">
    <subfield code="b">DBAD/PUB</subfield>
  </datafield>
  <datafield tag="040" ind1=" " ind2=" ">
    <subfield code="a">dpl</subfield>
    <subfield code="b">Eng</subfield>
  </datafield>
  <datafield tag="082" ind1=" " ind2=" ">
    <subfield code="a">780.95403</subfield>
  </datafield>
  <datafield tag="100" ind1=" " ind2=" ">
    <subfield code="a">Sangit Mahabharati</subfield>
    <subfield code="9">25474</subfield>
  </datafield>
  <datafield tag="245" ind1=" " ind2=" ">
    <subfield code="a">The Oxford encyclopedia of the music of India /</subfield>
    <subfield code="c">by Sangit Mahabharati ; edited by Pandit Nikhil Ghosh</subfield>
  </datafield>
  <datafield tag="260" ind1=" " ind2=" ">
    <subfield code="a">New Delhi</subfield>
    <subfield code="b">Oxford University Press</subfield>
    <subfield code="c">2011</subfield>
  </datafield>
  <datafield tag="270" ind1=" " ind2=" ">
    <subfield code="a">YMCA Library Building, Jai Singh Road</subfield>
    <subfield code="b">New Delhi</subfield>
    <subfield code="e">110001</subfield>
  </datafield>
  <datafield tag="300" ind1=" " ind2=" ">
    <subfield code="a">3V. (xiii,395 ; xiii, 396-778 ; xiii, 779-1161)p. :</subfield>
    <subfield code="b">ill.</subfield>
    <subfield code="c">29cm (Hb)</subfield>
  </datafield>
  <datafield tag="500" ind1=" " ind2=" ">
    <subfield code="a">Includes bibliographical references and index</subfield>
  </datafield>
  <datafield tag="505" ind1=" " ind2=" ">
    <subfield code="a">v.1-a-g ; v.2-h-o ; v.3-p-z</subfield>
  </datafield>
  <datafield tag="700" ind1=" " ind2=" ">
    <subfield code="a">Ghosh, Nikhil</subfield>
    <subfield code="9">25475</subfield>
  </datafield>
  <datafield tag="942" ind1=" " ind2=" ">
    <subfield code="2">ddc</subfield>
    <subfield code="c">EN</subfield>
    <subfield code="h">780.95403</subfield>
    <subfield code="m">SAN</subfield>
  </datafield>
  <datafield tag="999" ind1=" " ind2=" ">
    <subfield code="c">50012</subfield>
    <subfield code="d">50012</subfield>
  </datafield>
  <datafield tag="952" ind1=" " ind2=" ">
    <subfield code="0">0</subfield>
    <subfield code="1">0</subfield>
    <subfield code="2">ddc</subfield>
    <subfield code="3">V.1</subfield>
    <subfield code="4">0</subfield>
    <subfield code="7">1</subfield>
    <subfield code="8">NFIC</subfield>
    <subfield code="a">DBAD</subfield>
    <subfield code="b">DBAD</subfield>
    <subfield code="d">2011-01-21</subfield>
    <subfield code="e">DBAD/PUB</subfield>
    <subfield code="g">9550.00</subfield>
    <subfield code="l">0</subfield>
    <subfield code="o">780.95403 SAN</subfield>
    <subfield code="p">EN-85464</subfield>
    <subfield code="r">2011-01-21 00:00:00</subfield>
    <subfield code="t">1</subfield>
    <subfield code="v">9550.00</subfield>
    <subfield code="w">2011-01-21</subfield>
    <subfield code="y">EN</subfield>
  </datafield>
  <datafield tag="952" ind1=" " ind2=" ">
    <subfield code="0">0</subfield>
    <subfield code="1">0</subfield>
    <subfield code="2">ddc</subfield>
    <subfield code="3">V.2</subfield>
    <subfield code="4">0</subfield>
    <subfield code="7">1</subfield>
    <subfield code="8">NFIC</subfield>
    <subfield code="a">DBAD</subfield>
    <subfield code="b">DBAD</subfield>
    <subfield code="d">2011-01-21</subfield>
    <subfield code="e">DBAD/PUB</subfield>
    <subfield code="g">9550.00</subfield>
    <subfield code="l">0</subfield>
    <subfield code="o">780.95403 SAN</subfield>
    <subfield code="p">EN-85465</subfield>
    <subfield code="r">2011-01-21 00:00:00</subfield>
    <subfield code="t">1</subfield>
    <subfield code="v">9550.00</subfield>
    <subfield code="w">2011-01-21</subfield>
    <subfield code="y">EN</subfield>
  </datafield>
  <datafield tag="952" ind1=" " ind2=" ">
    <subfield code="0">0</subfield>
    <subfield code="1">0</subfield>
    <subfield code="2">ddc</subfield>
    <subfield code="3">V.3</subfield>
    <subfield code="4">0</subfield>
    <subfield code="7">1</subfield>
    <subfield code="8">NFIC</subfield>
    <subfield code="a">DBAD</subfield>
    <subfield code="b">DBAD</subfield>
    <subfield code="d">2011-01-21</subfield>
    <subfield code="e">DBAD/PUB</subfield>
    <subfield code="g">9550.00</subfield>
    <subfield code="l">0</subfield>
    <subfield code="o">780.95403 SAN</subfield>
    <subfield code="p">EN-85466</subfield>
    <subfield code="r">2011-01-21 00:00:00</subfield>
    <subfield code="t">1</subfield>
    <subfield code="v">9550.00</subfield>
    <subfield code="y">EN</subfield>
  </datafield>
</record>
